| 000 | 01147nam a2200217 a 4500 | ||
|---|---|---|---|
| 001 | 000950610 | ||
| 003 | AM-YeHGA | ||
| 005 | 20250617145903.0 | ||
| 008 | 130307s1973 ||| r 000 0 rus d | ||
| 040 | _aAM-YeHGA | ||
| 041 | 0 | _arus | |
| 100 | 1 | _aБернюков, Арнольд Константинович | |
| 245 | 1 | 0 |
_aСпециализированные вычислительные устройства для автоматизации физико-химических исследований : _bУчебно-методическое пособие / _cА.К. Бернюков ;Ивановск. энергетич. ин-т им. В.И. Ленина. |
| 260 |
_aВладимир _aИваново : _bБ. и., _c1973. |
||
| 300 |
_a108 с. : _bил. |
||
| 504 | _aБиблиогр. : с. 106 | ||
| 653 | 0 | _aФизико - химические исследования | |
| 710 | 2 | _aМинистерство высшего и среднего специального образования РСФСР | |
| 710 | 2 | _aИвановский энергетический институт им. В.И. Ленина | |
| 090 | _c321828 | ||
| 999 |
_c320093 _d320093 |
||